BULLEN & LEAKE & JACOB'S PRECEDENTS OF PLEADINGS (Record no. 216715)

MARC details
000 -LEADER
fixed length control field 00525nam a22001817a 4500
008 - FIXED-LENGTH DATA ELEMENTS--GENERAL INFORMATION
fixed length control field 260226b |||||||| |||| 00| 0 eng d
020 ## - INTERNATIONAL STANDARD BOOK NUMBER
International Standard Book Number 978-0-4140-7124-7
100 ## - MAIN ENTRY--PERSONAL NAME
Personal name BLAIR, WILLIAM
245 ## - TITLE STATEMENT
Title BULLEN & LEAKE & JACOB'S PRECEDENTS OF PLEADINGS
250 ## - EDITION STATEMENT
Edition statement 19TH EDITION
260 ## - PUBLICATION, DISTRIBUTION, ETC.
Place of publication, distribution, etc. LONDON
Name of publisher, distributor, etc. THOMSON REUTERS
Date of publication, distribution, etc. 2020
300 ## - PHYSICAL DESCRIPTION
Extent CCXXVI,1178P.
500 ## - GENERAL NOTE
General note INCLUDES AN INDEX
650 ## - SUBJECT ADDED ENTRY
Topical term or geographic name entry element PLEADING- ENGLAND
700 ## - ADDED ENTRY--PERSONAL NAME
Personal name BRENNAN LORD, ROBIN JACOB, BRIAN LANGSTAFF
942 ## - ADDED ENTRY ELEMENTS (KOHA)
Source of classification or shelving scheme Library of Congress Classification
Koha item type Long Loan Book
Holdings
Withdrawn status Lost status Source of classification or shelving scheme Damaged status Not for loan Collection Home library Current library Shelving location Date acquired Inventory number Total checkouts Full call number Barcode Date last seen Copy number Price effective from Koha item type
    Library of Congress Classification     Law Kisii University Library Kisii University Library On Display 02/26/2026 111744   KD 7177 .B 85 2020 V.1 A000500 02/26/2026 C.1 02/26/2026 Long Loan Book
    Library of Congress Classification     Law Kisii University Library Kisii University Library On Display 02/26/2026 111745   KD 7177 .B85 2020 V.1 A000506 02/26/2026 C.2 02/26/2026 Long Loan Book
    Library of Congress Classification     Law Kisii University Library Kisii University Library On Display 02/26/2026 111746   KD 7177 .B85 2020 V.1 A000503 02/26/2026 C.3 02/26/2026 Long Loan Book
    Library of Congress Classification     Law Kisii University Library Kisii University Library On Display 02/26/2026 111747   KD 7177 .B85 2020 V.1 A000505 02/26/2026 C.4 02/26/2026 Long Loan Book